Normal view
MARC view
- Rubino Stefano
Entry Personal Name
001 - CONTROL NUMBER
- control field: 15151
003 - CONTROL NUMBER IDENTIFIER
- control field: IT-RoPau
005 - DATE AND TIME OF LATEST TRANSACTION
- control field: 20140304102253.0
008 - FIXED-LENGTH DATA ELEMENTS
- fixed length control field: 140304|| aca||aabn | a|a d
040 ## - CATALOGING SOURCE
- Original cataloging agency: IT-RoPau
- Transcribing agency: IT-RoPau
100 ## - HEADING--PERSONAL NAME
- Personal name: Rubino Stefano
- Miscellaneous information: Codice interprete SPICS: 11373
- Relator term: Interprete
670 ## - SOURCE DATA FOUND
- Source citation: Work cat.: (IT-RoPau)102032: Rubino Stefano 15146, Fra sogno e realtà